The web conferencing book

Na minha lista:
Detalhes bibliográficos
Autor principal: Sue Spielman
Formato: Livro
Idioma:Undetermined
Publicado em: New York AMACOM 2003
Tags: Adicionar Tag
Sem tags, seja o primeiro a adicionar uma tag!
Thư viện lưu trữ: Trung tâm Học liệu Trường Đại học Cần Thơ
LEADER 00392nam a2200157Ia 4500
001 CTU_64571
008 210402s9999 xx 000 0 und d
020 |b 424000 
082 |a 004.678 
082 |b S755 
100 |a Sue Spielman 
245 4 |a The web conferencing book 
260 |a New York 
260 |b AMACOM 
260 |c 2003 
980 |a Trung tâm Học liệu Trường Đại học Cần Thơ